[Event "GER-ch Youth U10 2020"]
[Site "Willingen"]
[Date "2020.10.28"]
[Round "3.20"]
[White "Ahlers, Quentin"]
[Black "Thümler, Floris"]
[Result "0-1"]
[WhiteElo "1425"]
[BlackElo "1295"]
[Annotator "NA"]
[PlyCount "76"]
[EventDate "2020.10.27"]
[EventType "swiss"]
[EventRounds "7"]
[EventCountry "GER"]
[SourceTitle "playchess.com"]
[Source "ChessBase"]
[SourceQuality "1"]
[TimeControl "40/4500+30:900+30"]

1. e4 {[%emt 0:00:00]} d6 {[%emt 0:00:00]} 2. d4 {[%emt 0:00:27]} Nf6 {[%emt 0:00:06]} 3. Nc3 {[%emt 0:00:10]} g6 {[%emt 0:00:22]} 4. Nf3 {[%emt 0:00:12]} Bg7 {[%emt 0:00:34]} 5. Bc4 {[%emt 0:00:20]} Nxe4 {[%emt 0:01:28]} 6. Bxf7+ {[%emt 0:00:25]} Kxf7 {[%emt 0:01:10]} 7. Nxe4 {[%emt 0:00:13]} Rf8 {[%emt 0:00:34]} 8. Bf4 {[%emt 0:02:29]} Kg8 {[%emt 0:01:32]} 9. Qd2 {[%emt 0:00:50]} Nd7 {[%emt 0:03:32]} 10. O-O-O {[%emt 0:00:48]} Qe8 {[%emt 0:02:49]} 11. Bh6 {[%emt 0:02:04]} e5 {[%emt 0:02:57]} 12. Bxg7 {[%emt 0:01:11]} Kxg7 {[%emt 0:01:19]} 13. d5 {[%emt 0:03:21]} Nf6 {[%emt 0:09:45]} 14. Nxf6 {[%emt 0:03:33]} Rxf6 {[%emt 0:01:02]} 15. Rhe1 {[%emt 0:00:29]} Bg4 {[%emt 0:03:30]} 16. Qd3 {[%emt 0:04:14]} Qf7 {[%emt 0:02:45]} 17. Re3 {[%emt 0:01:04]} Rf8 {[%emt 0:01:46]} 18. Ng5 {[%emt 0:02:27]} Qe7 {[%emt 0:01:40]} 19. f3 {[%emt 0:00:41]} Bf5 {[%emt 0:01:11]} 20. Ne4 {[%emt 0:01:55]} R6f7 {[%emt 0:03:19]} 21. Rf1 {[%emt 0:02:44]} Bxe4 {[%emt 0:03:30]} 22. Rxe4 {[%emt 0:00:23]} Qg5+ {[%emt 0:00:28]} 23. Qd2 {[%emt 0:00:46]} Qf5 {[%emt 0:01:25]} 24. b3 {[%emt 0:08:04]} Qxe4 {[%emt 0:00:57]} 25. fxe4 {[%emt 0:00:08]} Rxf1+ {[%emt 0:00:24]} 26. Kb2 {[%emt 0:00:01]} R8f4 {[%emt 0:01:25]} 27. Qc3 {[%emt 0:01:38]} Rf7 {[%emt 0:01:13]} 28. Qb4 {[%emt 0:00:32]} b6 {[%emt 0:00:33]} 29. Qd2 {[%emt 0:00:44]} R1f2 {[%emt 0:02:05]} 30. Qg5 {[%emt 0:00:13]} Re2 {[%emt 0:00:47]} 31. Qg4 {[%emt 0:00:31]} Ref2 {[%emt 0:01:13]} 32. a3 {[%emt 0:00:33]} h5 {[%emt 0:00:36]} 33. Qg5 {[%emt 0:02:52]} Re2 {[%emt 0:01:41]} 34. h4 {[%emt 0:02:08]} Rxe4 {[%emt 0:01:16]} 35. c4 {[%emt 0:00:24]} Rg4 {[%emt 0:01:59]} 36. Qd8 {[%emt 0:01:11]} Rxg2+ {[%emt 0:00:54]} 37. Kc3 {[%emt 0:00:37]} a5 {[%emt 0:00:46]} 38. a4 {[%emt 0:02:21]} Rf3# 0-1

[Event "GER-ch Youth U10 2020"]
[Site "Willingen"]
[Date "2020.10.28"]
[Round "3.21"]
[White "Schuricht, Emil Frederick"]
[Black "Ehrath, Hendrik"]
[Result "1-0"]
[WhiteElo "1451"]
[BlackElo "1193"]
[Annotator "NA"]
[PlyCount "153"]
[EventDate "2020.10.27"]
[EventType "swiss"]
[EventRounds "7"]
[EventCountry "GER"]
[SourceTitle "playchess.com"]
[Source "ChessBase"]
[SourceQuality "1"]
[TimeControl "40/4500+30:900+30"]

1. d4 {[%emt 0:00:00]} d5 {[%emt 0:00:00]} 2. c4 {[%emt 0:00:00]} e6 {[%emt 0:00:00]} 3. Nc3 {[%emt 0:00:00]} Nf6 {[%emt 0:00:00]} 4. cxd5 {[%emt 0:00:00]} exd5 {[%emt 0:01:01]} 5. Bg5 {[%emt 0:00:00]} Be7 {[%emt 0:00:19]} 6. e3 {[%emt 0:00:00]} O-O {[%emt 0:00:14]} 7. Bd3 {[%emt 0:00:00]} Nbd7 {[%emt 0:00:37]} 8. Nge2 {[%emt 0:00:16]} c5 {[%emt 0:00:25]} 9. O-O {[%emt 0:02:04]} c4 {[%emt 0:00:15]} 10. Bc2 {[%emt 0:00:19]} b6 {[%emt 0:00:30]} 11. f3 {[%emt 0:01:44]} Bb7 {[%emt 0:02:38]} 12. Bh4 {[%emt 0:00:48]} Bc6 {[%emt 0:02:03]} 13. Bf2 {[%emt 0:06:25]} Re8 {[%emt 0:00:38]} 14. Ng3 {[%emt 0:00:28]} b5 {[%emt 0:00:16]} 15. e4 {[%emt 0:03:11]} dxe4 {[%emt 0:00:18]} 16. fxe4 {[%emt 0:00:06]} Bb4 {[%emt 0:00:51]} 17. d5 {[%emt 0:07:19]} Bb7 {[%emt 0:00:43]} 18. Nxb5 {[%emt 0:01:48]} a6 {[%emt 0:00:38]} 19. Nd4 {[%emt 0:10:08]} Bc5 {[%emt 0:01:01]} 20. Kh1 {[%emt 0:09:28]} Rc8 {[%emt 0:03:12]} 21. Qd2 {[%emt 0:03:40]} Qc7 {[%emt 0:01:00]} 22. Ndf5 {[%emt 0:05:38]} Bxf2 {[%emt 0:00:57]} 23. Qg5 {[%emt 0:07:51]} g6 {[%emt 0:06:23]} 24. Qh6 {[%emt 0:00:25]} gxf5 {[%emt 0:00:24]} 25. Nxf5 {[%emt 0:00:01]} Nh5 {[%emt 0:01:03]} 26. Qxh5 {[%emt 0:00:13]} Nf8 {[%emt 0:01:21]} 27. Rxf2 {[%emt 0:02:04]} Qb6 {[%emt 0:00:30]} 28. Nh6+ {[%emt 0:01:46]} Kh8 {[%emt 0:00:42]} 29. Nxf7+ {[%emt 0:02:39]} Kg8 {[%emt 0:00:37]} 30. Qg5+ {[%emt 0:04:49]} Ng6 {[%emt 0:00:30]} 31. Nh6+ {[%emt 0:01:55]} Kh8 32. Qf6+ {[%emt 0:02:02]} Qxf6 {[%emt 0:00:59]} 33. Rxf6 {[%emt 0:00:03]} Kg7 {[%emt 0:00:14]} 34. Rf7+ {[%emt 0:00:10]} Kxh6 {[%emt 0:00:20]} 35. Rxb7 {[%emt 0:00:04]} Rf8 {[%emt 0:00:28]} 36. Kg1 {[%emt 0:03:01]} Nf4 {[%emt 0:00:23]} 37. g3 {[%emt 0:01:08]} Nd3 {[%emt 0:00:46]} 38. Rf1 {[%emt 0:01:46]} Rxf1+ {[%emt 0:00:43]} 39. Kxf1 {[%emt 0:00:12]} Kg6 {[%emt 0:00:36]} 40. Bxd3 {[%emt 0:02:00]} cxd3 41. Ke1 Rc2 {[%emt 0:16:19]} 42. Rb3 {[%emt 0:16:44]} Rxh2 {[%emt 0:01:14]} 43. Rxd3 {[%emt 0:00:44]} Rxb2 {[%emt 0:00:43]} 44. d6 {[%emt 0:00:55]} Rb8 {[%emt 0:00:31]} 45. d7 {[%emt 0:01:00]} Rd8 {[%emt 0:01:09]} 46. Kd2 {[%emt 0:00:08]} Kf6 {[%emt 0:00:21]} 47. Kc3 {[%emt 0:00:02]} Ke7 {[%emt 0:00:18]} 48. Kc4 {[%emt 0:00:05]} Rxd7 {[%emt 0:00:39]} 49. Rxd7+ {[%emt 0:00:26]} Kxd7 {[%emt 0:00:22]} 50. Kd5 {[%emt 0:00:04]} Kd8 {[%emt 0:00:19]} 51. Kd6 {[%emt 0:00:13]} Ke8 {[%emt 0:00:12]} 52. g4 {[%emt 0:00:22]} h6 {[%emt 0:00:28]} 53. e5 {[%emt 0:00:18]} Kd8 {[%emt 0:00:07]} 54. e6 {[%emt 0:00:06]} Ke8 {[%emt 0:00:20]} 55. e7 {[%emt 0:00:10]} Kf7 {[%emt 0:00:22]} 56. Kd7 {[%emt 0:00:07]} Kg6 {[%emt 0:00:16]} 57. e8=Q+ {[%emt 0:00:00]} Kg5 {[%emt 0:00:00]} 58. Qh5+ {[%emt 0:00:00]} Kf4 {[%emt 0:00:06]} 59. Ke6 {[%emt 0:00:12]} a5 {[%emt 0:00:15]} 60. Qf5+ {[%emt 0:00:13]} Kg3 {[%emt 0:00:26]} 61. g5 {[%emt 0:01:11]} hxg5 {[%emt 0:00:14]} 62. Qxg5+ {[%emt 0:00:09]} Kf3 {[%emt 0:00:12]} 63. Qh4 {[%emt 0:00:03]} Ke3 {[%emt 0:00:07]} 64. Qg4 {[%emt 0:00:03]} Kd3 {[%emt 0:00:09]} 65. Qf4 {[%emt 0:00:06]} Kc3 {[%emt 0:00:21]} 66. Qa4 {[%emt 0:00:09]} Kb2 {[%emt 0:00:08]} 67. Qxa5 {[%emt 0:00:08]} Kc2 {[%emt 0:00:21]} 68. Qb4 {[%emt 0:00:14]} Kd3 {[%emt 0:00:11]} 69. Kd5 {[%emt 0:00:07]} Ke3 {[%emt 0:00:24]} 70. Qe4+ {[%emt 0:00:05]} Kf2 {[%emt 0:00:13]} 71. Qd3 {[%emt 0:00:04]} Kg2 {[%emt 0:00:10]} 72. Qe3 {[%emt 0:00:01]} Kh2 {[%emt 0:00:16]} 73. Qf3 {[%emt 0:00:01]} Kg1 74. Qe2 Kh1 {[%emt 0:00:37]} 75. Ke4 {[%emt 0:00:01]} Kg1 {[%emt 0:00:16]} 76. Kf3 {[%emt 0:00:03]} Kh1 77. Qg2# 1-0

[Event "GER-ch Youth U10 2020"]
[Site "Willingen"]
[Date "2020.10.28"]
[Round "3.22"]
[White "Meng, Yuxuan"]
[Black "Mohammadzadeh, Daris"]
[Result "0-1"]
[WhiteElo "1515"]
[BlackElo "1311"]
[Annotator "NA"]
[PlyCount "94"]
[EventDate "2020.10.27"]
[EventType "swiss"]
[EventRounds "7"]
[EventCountry "GER"]
[SourceTitle "playchess.com"]
[Source "ChessBase"]
[SourceQuality "1"]
[TimeControl "40/4500+30:900+30"]

1. e4 {[%emt 0:00:00]} c5 {[%emt 0:00:00]} 2. Nf3 {[%emt 0:00:00]} Nc6 {[%emt 0:00:00]} 3. d4 {[%emt 0:00:00]} cxd4 {[%emt 0:00:00]} 4. Nxd4 {[%emt 0:00:00]} g6 {[%emt 0:00:06]} 5. Nc3 {[%emt 0:00:10]} Bg7 {[%emt 0:00:26]} 6. Be3 {[%emt 0:00:12]} Nf6 {[%emt 0:00:14]} 7. f3 {[%emt 0:00:09]} O-O {[%emt 0:00:09]} 8. Qd2 {[%emt 0:00:04]} d5 {[%emt 0:00:33]} 9. O-O-O {[%emt 0:02:38]} Nxd4 {[%emt 0:00:38]} 10. Bxd4 {[%emt 0:00:22]} dxe4 {[%emt 0:00:51]} 11. fxe4 {[%emt 0:01:02]} Qc7 {[%emt 0:02:30]} 12. h3 {[%emt 0:06:08]} Be6 {[%emt 0:02:42]} 13. Kb1 {[%emt 0:05:01]} Qa5 14. a3 {[%emt 0:03:14]} Rfd8 {[%emt 0:05:30]} 15. Qe3 {[%emt 0:07:01]} a6 {[%emt 0:12:27]} 16. Be2 {[%emt 0:02:37]} Qc7 {[%emt 0:04:17]} 17. g4 {[%emt 0:03:55]} Bc4 {[%emt 0:06:54]} 18. Bf3 {[%emt 0:06:57]} e5 {[%emt 0:03:31]} 19. Bb6 {[%emt 0:01:40]} Rxd1+ {[%emt 0:00:50]} 20. Rxd1 {[%emt 0:00:11]} Qc6 {[%emt 0:00:58]} 21. g5 {[%emt 0:01:55]} Nd7 {[%emt 0:00:35]} 22. Nd5 {[%emt 0:00:13]} Bxd5 {[%emt 0:01:46]} 23. exd5 {[%emt 0:01:11]} Qxb6 {[%emt 0:00:46]} 24. Qxb6 {[%emt 0:00:08]} Nxb6 {[%emt 0:00:23]} 25. d6 {[%emt 0:00:06]} Rd8 {[%emt 0:04:41]} 26. Bxb7 {[%emt 0:03:01]} a5 {[%emt 0:01:56]} 27. Bc6 {[%emt 0:04:30]} Nd7 {[%emt 0:01:33]} 28. c4 {[%emt 0:01:13]} Bf8 {[%emt 0:00:50]} 29. b4 {[%emt 0:01:37]} axb4 {[%emt 0:00:37]} 30. axb4 {[%emt 0:00:10]} Nb8 {[%emt 0:00:19]} 31. Bd5 {[%emt 0:09:27]} Rxd6 {[%emt 0:03:10]} 32. c5 {[%emt 0:00:59]} Rd7 {[%emt 0:00:55]} 33. Kc2 {[%emt 0:04:21]} Na6 {[%emt 0:02:25]} 34. Kb3 {[%emt 0:00:41]} Bxc5 {[%emt 0:02:26]} 35. bxc5 {[%emt 0:00:43]} Nxc5+ {[%emt 0:00:07]} 36. Kc4 {[%emt 0:00:35]} Ne6 {[%emt 0:00:23]} 37. Re1 {[%emt 0:02:47]} Rc7+ {[%emt 0:03:25]} 38. Kb4 {[%emt 0:10:59]} Nxg5 {[%emt 0:00:51]} 39. h4 {[%emt 0:00:34]} Ne6 {[%emt 0:02:27]} 40. Rxe5 {[%emt 0:00:44]} Nd4 {[%emt 0:00:15]} 41. Be4 {[%emt 0:16:00]} Nc6+ {[%emt 0:15:20]} 42. Bxc6 {[%emt 0:00:08]} Rxc6 {[%emt 0:00:12]} 43. Re8+ {[%emt 0:00:59]} Kg7 {[%emt 0:00:07]} 44. Re2 {[%emt 0:00:38]} Re6 {[%emt 0:00:09]} 45. Rh2 {[%emt 0:00:23]} Re4+ {[%emt 0:00:09]} 46. Kc5 {[%emt 0:00:10]} Kh6 {[%emt 0:00:15]} 47. Kd5 {[%emt 0:00:32]} f5 0-1

[Event "GER-ch Youth U10 2020"]
[Site "Willingen"]
[Date "2020.10.28"]
[Round "3.23"]
[White "Huang, Luca Hanson"]
[Black "Hellenbroich, Hanno"]
[Result "1-0"]
[WhiteElo "1570"]
[BlackElo "1291"]
[Annotator "NA"]
[PlyCount "49"]
[EventDate "2020.10.27"]
[EventType "swiss"]
[EventRounds "7"]
[EventCountry "GER"]
[SourceTitle "playchess.com"]
[Source "ChessBase"]
[SourceQuality "1"]
[TimeControl "40/4500+30:900+30"]

1. d4 {[%emt 0:00:00]} Nf6 {[%emt 0:00:00]} 2. Bf4 {[%emt 0:00:00]} g6 {[%emt 0:00:17]} 3. e3 {[%emt 0:02:12]} Bg7 {[%emt 0:00:22]} 4. Nd2 {[%emt 0:01:43]} d6 {[%emt 0:01:21]} 5. Ngf3 {[%emt 0:01:57]} O-O {[%emt 0:01:24]} 6. Bd3 {[%emt 0:02:03]} Re8 {[%emt 0:02:16]} 7. Bg5 {[%emt 0:01:55]} h6 {[%emt 0:00:49]} 8. Bxf6 {[%emt 0:00:54]} Bxf6 {[%emt 0:00:34]} 9. c3 {[%emt 0:00:21]} Bg7 {[%emt 0:01:13]} 10. Qc2 {[%emt 0:00:39]} Rf8 {[%emt 0:04:40]} 11. O-O-O {[%emt 0:01:10]} c6 {[%emt 0:00:55]} 12. h4 {[%emt 0:01:37]} b5 {[%emt 0:00:32]} 13. h5 {[%emt 0:00:37]} Nd7 {[%emt 0:03:08]} 14. hxg6 {[%emt 0:02:26]} fxg6 {[%emt 0:01:35]} 15. Bxg6 {[%emt 0:01:51]} Nf6 {[%emt 0:00:26]} 16. Ne4 {[%emt 0:01:16]} a5 {[%emt 0:02:12]} 17. Nxf6+ {[%emt 0:00:11]} exf6 {[%emt 0:00:06]} 18. Nh4 {[%emt 0:00:59]} a4 {[%emt 0:01:20]} 19. Bh7+ {[%emt 0:00:09]} Kf7 {[%emt 0:00:27]} 20. Qg6+ {[%emt 0:00:13]} Ke7 {[%emt 0:02:23]} 21. Qxg7+ {[%emt 0:00:27]} Rf7 {[%emt 0:00:06]} 22. Ng6+ {[%emt 0:00:48]} Ke6 {[%emt 0:01:49]} 23. Bg8 {[%emt 0:01:11]} Raa7 {[%emt 0:01:06]} 24. Nf8+ {[%emt 0:00:39]} Kf5 {[%emt 0:01:11]} 25. Qg6# {[%emt 0:00:18]} 1-0

[Event "GER-ch Youth U10 2020"]
[Site "Willingen"]
[Date "2020.10.28"]
[Round "3.24"]
[White "Deiringer, Julius"]
[Black "Kamleiter, Noah"]
[Result "1/2-1/2"]
[WhiteElo "1332"]
[BlackElo "1573"]
[Annotator "NA"]
[PlyCount "113"]
[EventDate "2020.10.27"]
[EventType "swiss"]
[EventRounds "7"]
[EventCountry "GER"]
[SourceTitle "playchess.com"]
[Source "ChessBase"]
[SourceQuality "1"]
[TimeControl "40/4500+30:900+30"]

1. e4 {[%emt 0:00:00]} c5 {[%emt 0:00:00]} 2. Nf3 {[%emt 0:00:00]} Nc6 {[%emt 0:00:00]} 3. Bb5 {[%emt 0:00:00]} g6 {[%emt 0:00:01]} 4. O-O {[%emt 0:00:15]} Bg7 {[%emt 0:00:30]} 5. c3 {[%emt 0:00:19]} d5 {[%emt 0:03:38]} 6. Bxc6+ {[%emt 0:01:16]} bxc6 {[%emt 0:00:30]} 7. Qa4 {[%emt 0:00:14]} Bd7 {[%emt 0:01:07]} 8. Re1 {[%emt 0:01:28]} Nf6 {[%emt 0:02:19]} 9. d3 {[%emt 0:03:18]} O-O {[%emt 0:02:46]} 10. Nbd2 {[%emt 0:01:49]} e6 {[%emt 0:01:43]} 11. Qa3 {[%emt 0:02:09]} Qb6 {[%emt 0:00:33]} 12. Ne5 {[%emt 0:06:18]} Bc8 {[%emt 0:02:32]} 13. Nef3 {[%emt 0:04:34]} Ba6 {[%emt 0:02:46]} 14. c4 {[%emt 0:04:50]} d4 {[%emt 0:00:46]} 15. Nb3 {[%emt 0:01:59]} Nd7 {[%emt 0:00:28]} 16. Bf4 {[%emt 0:01:01]} e5 {[%emt 0:01:00]} 17. Bg5 {[%emt 0:03:56]} Rfe8 {[%emt 0:02:51]} 18. Bd2 {[%emt 0:02:25]} Bb7 {[%emt 0:08:22]} 19. Ba5 {[%emt 0:01:23]} Qa6 {[%emt 0:00:48]} 20. Rf1 {[%emt 0:10:08]} Rac8 {[%emt 0:07:26]} 21. Ne1 {[%emt 0:00:47]} Kh8 {[%emt 0:03:07]} 22. f4 {[%emt 0:02:26]} f6 {[%emt 0:03:56]} 23. f5 {[%emt 0:03:56]} g5 {[%emt 0:01:38]} 24. Nc2 {[%emt 0:02:18]} Kg8 {[%emt 0:00:54]} 25. Rf3 {[%emt 0:01:40]} h5 {[%emt 0:03:19]} 26. Raf1 {[%emt 0:02:40]} Kf7 {[%emt 0:00:46]} 27. R3f2 {[%emt 0:02:08]} Rh8 {[%emt 0:03:41]} 28. h3 {[%emt 0:00:52]} Rh7 {[%emt 0:00:43]} 29. g3 {[%emt 0:00:24]} Rch8 {[%emt 0:00:16]} 30. Rh2 {[%emt 0:00:12]} g4 {[%emt 0:01:06]} 31. h4 {[%emt 0:00:23]} Bh6 {[%emt 0:01:19]} 32. Re2 {[%emt 0:00:41]} Rb8 {[%emt 0:02:29]} 33. Ra1 {[%emt 0:02:02]} Rhh8 {[%emt 0:03:06]} 34. Rb1 {[%emt 0:00:47]} Rhc8 {[%emt 0:02:23]} 35. Kg2 {[%emt 0:00:29]} Bf8 {[%emt 0:00:23]} 36. Kh2 {[%emt 0:00:22]} Be7 {[%emt 0:00:46]} 37. Kh1 {[%emt 0:00:12]} Bf8 {[%emt 0:00:21]} 38. Ra1 {[%emt 0:00:11]} Be7 {[%emt 0:00:27]} 39. Rf2 {[%emt 0:00:14]} Bf8 {[%emt 0:00:37]} 40. Rff1 {[%emt 0:00:15]} Bh6 {[%emt 0:00:20]} 41. Rfe1 {[%emt 0:15:10]} Bf8 {[%emt 0:15:18]} 42. Kh2 {[%emt 0:00:06]} Be7 {[%emt 0:00:26]} 43. Re2 {[%emt 0:00:11]} Bf8 {[%emt 0:00:24]} 44. Rh1 {[%emt 0:00:24]} Bh6 {[%emt 0:00:09]} 45. Rhe1 {[%emt 0:00:16]} Bf8 {[%emt 0:00:12]} 46. Rf1 {[%emt 0:00:13]} Bh6 {[%emt 0:00:38]} 47. Qa4 {[%emt 0:00:19]} Bf8 {[%emt 0:00:53]} 48. Qa3 {[%emt 0:00:15]} Bh6 {[%emt 0:00:07]} 49. Ra1 {[%emt 0:00:20]} Bf8 {[%emt 0:00:09]} 50. Qa4 {[%emt 0:00:04]} Bh6 {[%emt 0:00:28]} 51. Rd1 {[%emt 0:00:18]} Bf8 {[%emt 0:00:10]} 52. Ne1 {[%emt 0:00:13]} Bh6 {[%emt 0:00:33]} 53. Ng2 {[%emt 0:00:13]} Bf8 {[%emt 0:00:20]} 54. Qa3 {[%emt 0:00:10]} Be7 {[%emt 0:00:27]} 55. Kh1 {[%emt 0:00:14]} Bf8 {[%emt 0:01:22]} 56. Nd2 {[%emt 0:00:46]} Ba8 {[%emt 0:00:45]} 57. Nb3 1/2-1/2

[Event "GER-ch Youth U10 2020"]
[Site "Willingen"]
[Date "2020.10.28"]
[Round "3.25"]
[White "Herrmann, Arthur"]
[Black "Bock, Leonas"]
[Result "1-0"]
[WhiteElo "1151"]
[BlackElo "1301"]
[Annotator "NA"]
[PlyCount "91"]
[EventDate "2020.10.27"]
[EventType "swiss"]
[EventRounds "7"]
[EventCountry "GER"]
[SourceTitle "playchess.com"]
[Source "ChessBase"]
[SourceQuality "1"]
[TimeControl "40/4500+30:900+30"]

1. e4 {[%emt 0:00:00]} d6 {[%emt 0:00:00]} 2. d4 {[%emt 0:00:00]} Nf6 {[%emt 0:00:00]} 3. Nc3 {[%emt 0:00:00]} e5 4. Nf3 {[%emt 0:01:02]} Nbd7 {[%emt 0:00:04]} 5. Bc4 {[%emt 0:00:23]} Be7 {[%emt 0:00:14]} 6. O-O {[%emt 0:00:28]} c6 {[%emt 0:00:23]} 7. Re1 {[%emt 0:01:03]} Qc7 {[%emt 0:00:35]} 8. Bg5 {[%emt 0:01:37]} h6 {[%emt 0:01:35]} 9. Bh4 {[%emt 0:00:57]} O-O {[%emt 0:01:23]} 10. Qd2 {[%emt 0:01:38]} Re8 {[%emt 0:02:56]} 11. a3 {[%emt 0:02:29]} b5 {[%emt 0:03:05]} 12. Ba2 {[%emt 0:01:20]} Bf8 {[%emt 0:04:02]} 13. Rad1 {[%emt 0:03:09]} Bb7 {[%emt 0:04:41]} 14. Bg3 {[%emt 0:02:50]} Rad8 {[%emt 0:01:07]} 15. Qc1 {[%emt 0:03:45]} Qb6 {[%emt 0:05:56]} 16. Kh1 {[%emt 0:09:13]} Kh8 {[%emt 0:02:21]} 17. Bxf7 {[%emt 0:01:20]} Re7 {[%emt 0:00:37]} 18. Ba2 {[%emt 0:00:55]} a5 {[%emt 0:06:31]} 19. b4 {[%emt 0:04:00]} a4 {[%emt 0:01:11]} 20. dxe5 {[%emt 0:04:32]} dxe5 {[%emt 0:00:47]} 21. Nh4 {[%emt 0:01:56]} Kh7 {[%emt 0:05:10]} 22. Nf5 {[%emt 0:00:38]} Ng4 {[%emt 0:06:10]} 23. Nxe7 {[%emt 0:02:02]} Bxe7 {[%emt 0:00:09]} 24. Re2 {[%emt 0:00:50]} Bg5 {[%emt 0:03:09]} 25. Qb2 {[%emt 0:01:39]} Bf4 {[%emt 0:01:21]} 26. Rf1 {[%emt 0:04:01]} Bxg3 {[%emt 0:01:48]} 27. hxg3 {[%emt 0:00:56]} Rf8 {[%emt 0:00:59]} 28. f3 {[%emt 0:01:51]} h5 {[%emt 0:03:37]} 29. Be6 {[%emt 0:05:55]} Bc8 {[%emt 0:02:31]} 30. Qc1 {[%emt 0:04:37]} Ngf6 {[%emt 0:04:23]} 31. Qe3 {[%emt 0:02:25]} Qd8 {[%emt 0:01:57]} 32. Rd1 {[%emt 0:01:29]} Qe8 {[%emt 0:00:17]} 33. Bf5+ {[%emt 0:03:08]} g6 {[%emt 0:00:23]} 34. Bh3 {[%emt 0:00:18]} Rg8 {[%emt 0:01:46]} 35. Rd6 {[%emt 0:03:30]} Bb7 {[%emt 0:03:03]} 36. Red2 {[%emt 0:00:45]} Rg7 {[%emt 0:00:07]} 37. R2d3 {[%emt 0:03:06]} g5 {[%emt 0:01:03]} 38. Bf5+ {[%emt 0:00:25]} Kh8 {[%emt 0:00:09]} 39. Qd2 {[%emt 0:00:41]} Bc8 {[%emt 0:00:55]} 40. Rxc6 {[%emt 0:00:56]} Kg8 {[%emt 0:01:33]} 41. Nxb5 {[%emt 0:15:35]} Bb7 {[%emt 0:15:43]} 42. Rcd6 {[%emt 0:00:49]} Bc8 {[%emt 0:00:09]} 43. Nc7 {[%emt 0:01:19]} Qe7 {[%emt 0:00:20]} 44. Nb5 {[%emt 0:01:52]} Qe8 {[%emt 0:00:19]} 45. Na7 {[%emt 0:00:34]} Bb7 {[%emt 0:03:31]} 46. Bxd7 {[%emt 0:00:25]} 1-0

[Event "GER-ch Youth U10 2020"]
[Site "Willingen"]
[Date "2020.10.28"]
[Round "3.26"]
[White "Theviot, Luca"]
[Black "Allen, Phillipp"]
[Result "1-0"]
[WhiteElo "1423"]
[BlackElo "1250"]
[Annotator "NA"]
[PlyCount "101"]
[EventDate "2020.10.27"]
[EventType "swiss"]
[EventRounds "7"]
[EventCountry "GER"]
[SourceTitle "playchess.com"]
[Source "ChessBase"]
[SourceQuality "1"]
[TimeControl "40/4500+30:900+30"]

1. c4 {[%emt 0:00:00]} c5 {[%emt 0:00:00]} 2. g3 {[%emt 0:00:00]} d6 {[%emt 0:00:00]} 3. Bg2 {[%emt 0:00:00]} Nf6 {[%emt 0:00:10]} 4. Nc3 {[%emt 0:00:16]} g6 {[%emt 0:00:46]} 5. e4 {[%emt 0:00:15]} Nc6 {[%emt 0:01:56]} 6. d3 {[%emt 0:00:52]} Bg7 {[%emt 0:01:51]} 7. Nge2 {[%emt 0:00:13]} e5 {[%emt 0:00:31]} 8. O-O {[%emt 0:00:08]} O-O {[%emt 0:00:11]} 9. f4 {[%emt 0:01:45]} Re8 {[%emt 0:01:42]} 10. f5 {[%emt 0:00:23]} Rf8 {[%emt 0:00:57]} 11. h3 {[%emt 0:00:18]} a6 {[%emt 0:00:25]} 12. g4 {[%emt 0:00:22]} Nd7 {[%emt 0:00:26]} 13. g5 {[%emt 0:01:54]} Nb6 {[%emt 0:01:52]} 14. f6 {[%emt 0:00:22]} Bh8 {[%emt 0:00:20]} 15. Ng3 {[%emt 0:01:02]} Bd7 {[%emt 0:01:31]} 16. h4 {[%emt 0:01:50]} Qc8 {[%emt 0:00:32]} 17. h5 {[%emt 0:08:23]} Bg4 {[%emt 0:00:23]} 18. Bf3 {[%emt 0:00:06]} Bxf3 {[%emt 0:02:35]} 19. Qxf3 {[%emt 0:00:26]} Nd4 {[%emt 0:01:27]} 20. Qf2 {[%emt 0:01:53]} Qh3 {[%emt 0:02:20]} 21. Qg2 {[%emt 0:03:23]} Qxg2+ {[%emt 0:01:13]} 22. Kxg2 {[%emt 0:00:10]} Rfc8 {[%emt 0:01:23]} 23. a4 {[%emt 0:01:25]} Nc2 {[%emt 0:01:31]} 24. Rb1 {[%emt 0:00:18]} a5 {[%emt 0:03:11]} 25. Rf2 {[%emt 0:02:01]} Nb4 {[%emt 0:01:33]} 26. Rf3 {[%emt 0:03:01]} Kf8 {[%emt 0:04:46]} 27. hxg6 {[%emt 0:01:34]} hxg6 {[%emt 0:01:59]} 28. Bd2 {[%emt 0:00:22]} Ke8 {[%emt 0:01:01]} 29. Rh1 {[%emt 0:01:07]} Kd7 {[%emt 0:00:17]} 30. b3 {[%emt 0:03:40]} Ke6 {[%emt 0:00:45]} 31. Nd5 {[%emt 0:01:55]} Nd7 {[%emt 0:02:19]} 32. Rxh8 {[%emt 0:01:36]} Nb6 {[%emt 0:05:04]} 33. Rxc8 {[%emt 0:02:29]} Nxc8 {[%emt 0:00:16]} 34. Nc7+ {[%emt 0:00:08]} Kd7 {[%emt 0:00:33]} 35. Nxa8 {[%emt 0:00:08]} Kc6 {[%emt 0:01:38]} 36. Bxb4 {[%emt 0:00:18]} cxb4 {[%emt 0:00:34]} 37. Rf1 {[%emt 0:00:14]} b6 {[%emt 0:00:39]} 38. Rh1 {[%emt 0:01:31]} Kb7 {[%emt 0:00:09]} 39. Nxb6 {[%emt 0:00:45]} Kxb6 {[%emt 0:00:18]} 40. Rh7 {[%emt 0:00:43]} d5 {[%emt 0:00:15]} 41. exd5 {[%emt 0:15:25]} Nd6 {[%emt 0:15:15]} 42. Ne4 {[%emt 0:00:19]} Kc7 {[%emt 0:00:32]} 43. Nxd6 {[%emt 0:00:10]} Kxd6 {[%emt 0:00:13]} 44. Rxf7 {[%emt 0:00:09]} e4 {[%emt 0:00:16]} 45. dxe4 {[%emt 0:00:09]} Ke5 {[%emt 0:00:19]} 46. Re7+ {[%emt 0:00:25]} Kd4 {[%emt 0:00:36]} 47. f7 {[%emt 0:00:15]} Kc3 {[%emt 0:00:12]} 48. f8=Q {[%emt 0:00:11]} Kxb3 {[%emt 0:00:03]} 49. Qf3+ {[%emt 0:01:21]} Kxa4 {[%emt 0:00:19]} 50. Rb7 {[%emt 0:01:03]} b3 {[%emt 0:00:21]} 51. Qxb3# 1-0